Kand peshai akhan / (Record no. 526614)

000 -LEADER
fixed length control field 00466nam a22001817a 4500
003 - CONTROL NUMBER IDENTIFIER
control field NUST
005 - DATE AND TIME OF LATEST TRANSACTION
control field 20190714132056.0
020 ## - INTERNATIONAL STANDARD BOOK NUMBER
Qualifying information Paperback
038 ## - RECORD CONTENT LICENSOR
Staff Name M. Shaban
082 ## - DEWEY DECIMAL CLASSIFICATION NUMBER
Classification number 891.423
Author Mark ALI
100 ## - MAIN ENTRY--PERSONAL NAME
Personal name Ali, Farzand
9 (RLIN) 17272
245 ## - TITLE STATEMENT
Title Kand peshai akhan /
Statement of responsibility, etc. Farzand Ali
260 ## - PUBLICATION, DISTRIBUTION, ETC.
Place of publication, distribution, etc. Lahore :
Name of publisher, distributor, etc. S.M, Ishtiaq,
Date of publication, distribution, etc. 1996.
300 ## - PHYSICAL DESCRIPTION
Extent 126 p. ;
880 ## - ALTERNATE GRAPHIC REPRESENTATION
Linkage 100-01\r
Title فرزند علی
880 ## - ALTERNATE GRAPHIC REPRESENTATION
Linkage 245-02\r
Title کنڈ پِچھے اکھاں /
942 ## - ADDED ENTRY ELEMENTS (KOHA)
Source of classification or shelving scheme
Koha item type Book
Holdings
Withdrawn status Lost status Source of classification or shelving scheme Damaged status Not for loan Permanent Location Current Location Shelving location Date acquired Total Checkouts Full call number Barcode Date last seen Price effective from Koha item type
          Central Library (CL) Central Library (CL) Punjabi Literature 07/14/2019   891.423 ALI CL-E-1388 07/14/2019 07/14/2019 Book
© 2023 Central Library, National University of Sciences and Technology. All Rights Reserved.